| 000 | 01045ngm a2200229 a 4500 | ||
|---|---|---|---|
| 005 | 20250620063901.0 | ||
| 008 | 991125s1996 mx 090 aaspa u | ||
| 035 | _aUPN01000018654 | ||
| 049 | _aAV | ||
| 050 | 4 | _aPVI P 0807 | |
| 100 | 1 | _aIslas, Alejandra | |
| 245 | 1 | 0 |
_aEisenstein en México : _bel círculo eterno / _crealización Alejandra Islas. |
| 260 |
_aMéxico : _bCanal 22 : _bCNCA, _c1996. |
||
| 300 | _a1 videocasete (VHS) (90 min.) | ||
| 440 | 0 | _aCine | |
| 520 | _aDocumental que muestra la obra de Eisenstein y su influencia en el cine mexicano entre 1930-1932, su trabajo se puede definir como un paseo a través de bellos paisajes, a través de las nubes fotográficos y habla de la exaltación del indígena como elementos sobresalientes de su propuesta estética | ||
| 600 | 1 | 4 |
_aEISENSTEIN, SERGEJ MIHAJLOVIC, _d1898-1948 _920109 |
| 650 | 4 |
_aCINEMATOGRAFIA - _vBIOGRAFIA _910200 |
|
| 650 | 4 |
_aCinematografía _zMéxico _xHistoria _98623 |
|
| 650 | 4 |
_aCINEMATOGRAFIA - _xPRODUCCION Y DIRECCION _910601 |
|
| 905 | _aAudiovisuales | ||
| 999 |
_c18654 _d18654 |
||